[Event "HUN-chT2 Charousek 1415"]
[Site "Hungary"]
[Date "2015.04.26"]
[Round "9"]
[White "Jachym, Dorina"]
[Black "Lovasz, Marcell"]
[Result "1/2-1/2"]
[WhiteElo "1890"]
[BlackElo "1769"]
[PlyCount "36"]
[EventDate "2014.10.12"]
[EventType "team-tourn"]
[EventRounds "9"]
[EventCountry "HUN"]
[SourceTitle "EXT 2016"]
[Source "ChessBase"]
[SourceDate "2015.10.08"]
[SourceVersion "1"]
[SourceVersionDate "2015.10.08"]
[SourceQuality "1"]
[WhiteTeam "Gyor Elektromos"]
[BlackTeam "Komlo"]
[WhiteTeamCountry "HUN"]
[BlackTeamCountry "HUN"]

1. e4 c5 2. Nf3 Nc6 3. Bb5 g6 4. c3 Bg7 5. 0-0 d6 6. d4 cxd4 7. cxd4 Bd7 8. Nc3 Rc8 9. Bf4 a6 10. Be2 Nf6 11. h3 0-0 12. Bh2 Kh8 13. Qd2 Ng8 14. Rfd1 f5 15. e5 dxe5 16. dxe5 Be6 17. Qe3 Qa5 18. Bf4 Rcd8 1/2-1/2

[Event "HUN-chT2 Charousek 1213"]
[Site "Hungary"]
[Date "2013.04.07"]
[Round "10"]
[White "Gombos, Bettina"]
[Black "Jachym, Dorina"]
[Result "1/2-1/2"]
[WhiteElo "1988"]
[BlackElo "1938"]
[PlyCount "28"]
[EventDate "2012.09.16"]
[EventType "team-tourn"]
[EventRounds "11"]
[EventCountry "HUN"]
[SourceTitle "EXT 2014"]
[Source "ChessBase"]
[SourceDate "2013.11.20"]
[SourceVersion "1"]
[SourceVersionDate "2013.11.20"]
[SourceQuality "1"]
[WhiteTeam "Haladas II"]
[BlackTeam "Gyor"]
[WhiteTeamCountry "HUN"]
[BlackTeamCountry "HUN"]

1. e4 c5 2. Nf3 e6 3. d4 cxd4 4. Nxd4 Nf6 5. Nc3 d6 6. Be3 a6 7. f3 Nc6 8. Qd2 Qc7 9. g4 Nd7 10. 0-0-0 Nxd4 11. Bxd4 Ne5 12. Qe3 Nd7 13. f4 b5 14. Ne2 Bb7 1/2-1/2

[Event "HUN-chT2 Charousek 1213"]
[Site "Hungary"]
[Date "2012.12.02"]
[Round "5"]
[White "Jachym, Dorina"]
[Black "Nagy, Kristof"]
[Result "1-0"]
[WhiteElo "1938"]
[BlackElo "2058"]
[PlyCount "81"]
[EventDate "2012.09.16"]
[EventType "team-tourn"]
[EventRounds "11"]
[EventCountry "HUN"]
[SourceTitle "EXT 2014"]
[Source "ChessBase"]
[SourceDate "2013.11.20"]
[SourceVersion "1"]
[SourceVersionDate "2013.11.20"]
[SourceQuality "1"]
[WhiteTeam "Gyor"]
[BlackTeam "Csuti"]
[WhiteTeamCountry "HUN"]
[BlackTeamCountry "HUN"]

1. e4 c5 2. Nf3 d6 3. Bb5+ Bd7 4. Bxd7+ Qxd7 5. 0-0 Nc6 6. c3 Nf6 7. Qe2 e5 8. Rd1 Qc7 9. d4 Be7 10. Na3 a6 11. d5 Nb8 12. c4 0-0 13. Nc2 b5 14. Ne3 Re8 15. Nf5 Bf8 16. Bg5 Nbd7 17. b3 bxc4 18. bxc4 Rab8 19. Rab1 Rb7 20. Qd3 Reb8 21. Rxb7 Qxb7 22. Nd2 h6 23. Rb1 Qc7 24. Bxf6 Rxb1+ 25. Qxb1 Nxf6 26. g3 g6 27. Nh4 Qa5 28. Nhf3 Kg7 29. Kf1 Qc3 30. Ke2 g5 31. Qb3 Qa5 32. Qd3 Qxa2 33. Ne1 Be7 34. Ng2 Kg6 35. f4 Nd7 36. Qf3 Qa4 37. Ne3 Bf8 38. fxg5 hxg5 39. Qf5+ Kh6 40. Qxf7 g4 41. Nxg4+ 1-0

[Event "HUN-chT2 Charousek 1213"]
[Site "Hungary"]
[Date "2012.09.16"]
[Round "1"]
[White "Felde, Bence"]
[Black "Jachym, Dorina"]
[Result "1/2-1/2"]
[WhiteElo "1854"]
[BlackElo "1938"]
[PlyCount "65"]
[EventDate "2012.09.16"]
[EventType "team-tourn"]
[EventRounds "11"]
[EventCountry "HUN"]
[SourceTitle "EXT 2014"]
[Source "ChessBase"]
[SourceDate "2013.11.20"]
[SourceVersion "1"]
[SourceVersionDate "2013.11.20"]
[SourceQuality "1"]
[WhiteTeam "Aquaprofit II"]
[BlackTeam "Gyor"]
[WhiteTeamCountry "HUN"]
[BlackTeamCountry "HUN"]

1. d4 d5 2. c4 e6 3. Nc3 Nf6 4. Nf3 Be7 5. g3 0-0 6. Bg2 c6 7. 0-0 Na6 8. a3 Nc7 9. Re1 Ne4 10. Bf4 Ne8 11. c5 f6 12. Qc2 g5 13. Be3 f5 14. Nxe4 dxe4 15. Ne5 Nc7 16. f4 Nd5 17. Qd2 g4 18. h3 gxh3 19. Bxh3 Bf6 20. Rad1 Bxe5 21. fxe5 f4 22. Bxf4 Rxf4 23. gxf4 e3 24. Qd3 Qh4 25. Bg2 Qf2+ 26. Kh1 Qh4+ 27. Kg1 Qf2+ 28. Kh2 Qxf4+ 29. Kh1 Qh4+ 30. Kg1 Qf2+ 31. Kh2 Qf4+ 32. Kg1 Qf2+ 33. Kh2 1/2-1/2

[Event "HUN-chT2 Szechenyi 1011"]
[Site "Hungary"]
[Date "2011.05.15"]
[Round "11.6"]
[White "Gombos, Bettina"]
[Black "Jachym, Dorina"]
[Result "1/2-1/2"]
[WhiteElo "1913"]
[BlackElo "1959"]
[PlyCount "114"]
[EventDate "2010.09.12"]
[EventType "team-tourn"]
[EventRounds "11"]
[EventCountry "HUN"]
[SourceTitle "EXT 2012"]
[Source "ChessBase"]
[SourceDate "2011.11.24"]
[SourceVersion "1"]
[SourceVersionDate "2011.11.24"]
[SourceQuality "1"]
[WhiteTeam "Sarvar"]
[BlackTeam "Tapolca"]
[WhiteTeamCountry "HUN"]
[BlackTeamCountry "HUN"]

1. e4 c5 2. Nf3 e6 3. d4 cxd4 4. Nxd4 Nf6 5. Nc3 d6 6. Be3 a6 7. f3 Nc6 8. Qd2 Qc7 9. g4 h6 10. 0-0-0 Nd7 11. Qf2 b5 12. Nxc6 Qxc6 13. Ne2 Bb7 14. Nd4 Qc7 15. Kb1 Rc8 16. Bxb5 axb5 17. Nxb5 Qc6 18. Na7 Qc7 19. Nxc8 Qxc8 20. Rhe1 Be7 21. h4 Qd8 22. g5 h5 23. Bf4 e5 24. Bd2 Nc5 25. Bb4 Qb6 26. Qd2 0-0 27. Bxc5 Qxc5 28. f4 exf4 29. Qxf4 Rc8 30. Rd2 g6 31. Rf2 Qc4 32. Qe3 d5 33. Qd2 dxe4 34. Qd7 e3 35. Rxe3 Rd8 36. b3 Qxh4 37. Qxb7 Rd1+ 38. Kb2 Qxf2 39. Qxe7 Qf1 40. Qe8+ Kg7 41. Qe5+ Kh7 42. Qc5 Rd8 43. Qe7 Rc8 44. Qe4 Kg8 45. a4 Qa6 46. Qd5 Qa7 47. Rf3 Qe7 48. Rf6 Kg7 49. Rd6 Qe2 50. Qd4+ Kh7 51. Qd2 Qe5+ 52. Kb1 Qe8 53. Qf2 Kg8 54. Rb6 Qe5 55. Rb7 Qd5 56. Ra7 Rf8 57. Qe3 Rc8 1/2-1/2

[Event "HUN-chT2 Charousek 0910"]
[Site "Hungary"]
[Date "2010.02.28"]
[Round "7"]
[White "Kaczur, Florian"]
[Black "Jachym, Dorina"]
[Result "1-0"]
[WhiteElo "1896"]
[BlackElo "1975"]
[PlyCount "79"]
[EventDate "2009.11.08"]
[EventType "team-tourn"]
[EventRounds "11"]
[EventCountry "HUN"]
[SourceTitle "EXT 2011"]
[Source "ChessBase"]
[SourceDate "2010.11.26"]
[SourceVersion "1"]
[SourceVersionDate "2010.11.26"]
[SourceQuality "1"]
[WhiteTeam "Paks II"]
[BlackTeam "Tapolca"]
[WhiteTeamCountry "HUN"]
[BlackTeamCountry "HUN"]

1. e4 c5 2. Nf3 e6 3. d4 cxd4 4. Nxd4 Nf6 5. Nc3 d6 6. g3 a6 7. Bg2 Qc7 8. 0-0 Nc6 9. a4 Bd7 10. Nb3 Be7 11. Be3 Ne5 12. Nd4 0-0 13. Nce2 Rac8 14. b3 Rfe8 15. c4 Nc6 16. h3 Qb8 17. f4 h6 18. Qd2 Nxd4 19. Bxd4 e5 20. fxe5 dxe5 21. Bb6 Be6 22. Nc3 Bb4 23. Qd3 Bxc3 24. Qxc3 Nd7 25. Be3 b5 26. axb5 axb5 27. c5 b4 28. Qc2 Qb5 29. Rfc1 Qc6 30. Ra4 Rb8 31. Bd2 Rb7 32. Kh2 Nf6 33. Be3 Rbb8 34. Rd1 Red8 35. Rxd8+ Rxd8 36. Rxb4 Nd7 37. Bf1 Rc8 38. Bb5 Qc7 39. Ba6 Ra8 40. Bb7 1-0

[Event "Tapolca Acs Memorial op"]
[Site "Budapest"]
[Date "2009.08.17"]
[Round "4"]
[White "Jachym, Dorina"]
[Black "Toth, Sarolta"]
[Result "0-1"]
[WhiteElo "1993"]
[BlackElo "2236"]
[PlyCount "60"]
[EventDate "2009.08.15"]
[EventType "swiss"]
[EventRounds "7"]
[EventCountry "HUN"]
[SourceTitle "EXT 2011"]
[Source "ChessBase"]
[SourceDate "2010.11.26"]
[SourceVersion "1"]
[SourceVersionDate "2010.11.26"]
[SourceQuality "1"]

1. e4 c5 2. Nf3 e6 3. c4 Nc6 4. Nc3 e5 5. Be2 d6 6. d3 g6 7. Nd5 Bg7 8. h4 h6 9. Nd2 Be6 10. h5 Nge7 11. Nf1 g5 12. g4 a6 13. Nxe7 Qxe7 14. a4 b6 15. Bd2 0-0 16. Ng3 b5 17. axb5 axb5 18. 0-0 bxc4 19. Rxa8 Rxa8 20. dxc4 Nd4 21. Bc3 Qb7 22. f3 Nxe2+ 23. Qxe2 Qb3 24. Rd1 Bxc4 25. Qd2 Bf8 26. Nf5 Ra6 27. Bxe5 dxe5 28. Qd8 Ra8 29. Nxh6+ Kh7 30. Qd7 Be6 0-1

[Event "HUN-chT2 Charousek 0708"]
[Site "Hungary"]
[Date "2008.03.16"]
[Round "8"]
[White "Solyomvari, Roxanne"]
[Black "Jachym, Dorina"]
[Result "1/2-1/2"]
[WhiteElo "2004"]
[BlackElo "2012"]
[PlyCount "49"]
[EventDate "2007.10.14"]
[EventType "team"]
[EventRounds "11"]
[EventCountry "HUN"]
[SourceTitle "EXT 2009"]
[Source "ChessBase"]
[SourceDate "2008.11.26"]
[SourceVersion "1"]
[SourceVersionDate "2008.11.26"]
[SourceQuality "1"]
[WhiteTeam "Haladas II"]
[BlackTeam "Tapolca"]
[WhiteTeamCountry "HUN"]
[BlackTeamCountry "HUN"]

1. e4 c5 2. Nf3 e6 3. d4 cxd4 4. Nxd4 Nf6 5. Nc3 d6 6. g4 h6 7. Bg2 Nc6 8. h3 a6 9. Be3 Qc7 10. Qe2 Na5 11. f4 Nc4 12. 0-0-0 Nxe3 13. Qxe3 Nd7 14. f5 Ne5 15. Nf3 Be7 16. Qd4 Qc4 17. Nxe5 Qxd4 18. Rxd4 dxe5 19. Rd3 Bd7 20. Rhd1 0-0-0 21. Ne2 Bb5 22. Rxd8+ Rxd8 23. Rxd8+ Kxd8 24. Nc3 Bd7 25. Bf1 1/2-1/2

[Event "HUN-chT2 Charousek 0708"]
[Site "Hungary"]
[Date "2008.03.02"]
[Round "7"]
[White "Jachym, Dorina"]
[Black "Dobos, Sandor"]
[Result "0-1"]
[WhiteElo "2012"]
[BlackElo "1865"]
[PlyCount "66"]
[EventDate "2007.10.14"]
[EventType "team"]
[EventRounds "11"]
[EventCountry "HUN"]
[SourceTitle "EXT 2009"]
[Source "ChessBase"]
[SourceDate "2008.11.26"]
[SourceVersion "1"]
[SourceVersionDate "2008.11.26"]
[SourceQuality "1"]
[WhiteTeam "Tapolca"]
[BlackTeam "Vizugy"]
[WhiteTeamCountry "HUN"]
[BlackTeamCountry "HUN"]

1. e4 d6 2. d4 g6 3. Nc3 Bg7 4. Bc4 Nc6 5. Be3 Nf6 6. h3 0-0 7. Nge2 Nxe4 8. Bxf7+ Rxf7 9. Nxe4 e5 10. d5 Nd4 11. N2g3 Nf5 12. Nxf5 Bxf5 13. Ng5 Rf8 14. Qd2 h6 15. Nf3 Kh7 16. Nh2 Qh4 17. Nf3 Qc4 18. c3 Be4 19. b3 Qxd5 20. Qxd5 Bxd5 21. Ke2 Bxf3+ 22. gxf3 Rf5 23. Rhg1 Raf8 24. Rg3 h5 25. Rag1 R8f6 26. Bg5 Re6 27. c4 Bh6 28. Bxh6 Kxh6 29. Ke3 Ref6 30. h4 Rf4 31. Rh3 e4 32. Rhg3 Rxf3+ 33. Rxf3 Rxf3+ 0-1

[Event "HUN-chT2 Charousek 0607"]
[Site "Hungary"]
[Date "2007.04.29"]
[Round "9"]
[White "Hitter, Gabriela"]
[Black "Jachym, Dorina"]
[Result "1/2-1/2"]
[WhiteElo "1892"]
[BlackElo "2020"]
[PlyCount "73"]
[EventDate "2006.11.12"]
[EventType "team"]
[EventRounds "11"]
[EventCountry "HUN"]
[SourceTitle "EXT 2008"]
[Source "ChessBase"]
[SourceDate "2007.11.25"]
[SourceVersion "1"]
[SourceVersionDate "2007.11.25"]
[SourceQuality "1"]
[WhiteTeam "Lovo"]
[BlackTeam "Tapolca"]
[WhiteTeamCountry "HUN"]
[BlackTeamCountry "HUN"]

1. e4 c5 2. Nf3 e6 3. d4 cxd4 4. Nxd4 Nf6 5. Bd3 d6 6. 0-0 Nc6 7. Nb3 Be7 8. c3 0-0 9. Bg5 Ne5 10. Bxf6 Bxf6 11. f4 Nxd3 12. Qxd3 Qc7 13. N1d2 a6 14. Rf3 b5 15. a3 g6 16. Raf1 Bg7 17. Rh3 Bd7 18. Qg3 d5 19. e5 a5 20. Qh4 h6 21. Rc1 Rfc8 22. Nf1 b4 23. cxb4 Qb6+ 24. Qf2 Qxf2+ 25. Kxf2 Rxc1 26. Nxc1 axb4 27. axb4 Bf8 28. Ne3 Bb5 29. Nc2 Kg7 30. Ra3 Rb8 31. Ra7 Rc8 32. Nd4 Bxb4 33. Ncb3 Bc4 34. Rb7 Bxb3 35. Rxb4 Bc4 36. Rb7 Kf8 37. b3 1/2-1/2

[Event "HUN-chT2 Charousek 0607"]
[Site "Hungary"]
[Date "2007.04.15"]
[Round "8"]
[White "Jachym, Dorina"]
[Black "Csomor, Viktor"]
[Result "1/2-1/2"]
[WhiteElo "2020"]
[BlackElo "1905"]
[PlyCount "82"]
[EventDate "2006.11.12"]
[EventType "team"]
[EventRounds "11"]
[EventCountry "HUN"]
[SourceTitle "EXT 2008"]
[Source "ChessBase"]
[SourceDate "2007.11.25"]
[SourceVersion "1"]
[SourceVersionDate "2007.11.25"]
[SourceQuality "1"]
[WhiteTeam "Tapolca"]
[BlackTeam "Penzugyor"]
[WhiteTeamCountry "HUN"]
[BlackTeamCountry "HUN"]

1. e4 e6 2. d4 d5 3. Nd2 c5 4. exd5 Qxd5 5. Ngf3 cxd4 6. Bc4 Qd6 7. 0-0 Nc6 8. Nb3 Nf6 9. Nbxd4 Nxd4 10. Qxd4 Qxd4 11. Nxd4 a6 12. Bf4 b5 13. Bb3 Bc5 14. Rad1 0-0 15. c3 Bb7 16. Nc2 Bd5 17. Ne3 Bxb3 18. axb3 Rfd8 19. Bg5 Kf8 20. Bxf6 gxf6 21. Rxd8+ Rxd8 22. Rd1 Rxd1+ 23. Nxd1 Ke7 24. Kf1 Kd6 25. Ke2 Kd5 26. Kd3 f5 27. Ne3+ Ke5 28. Nd1 Kd5 29. Ne3+ Ke5 30. Nd1 f4 31. b4 Bb6 32. b3 a5 33. bxa5 Bxa5 34. c4 b4 35. Nb2 Bb6 36. f3 Bc5 37. Na4 Bg1 38. h3 f5 39. Nb2 Bc5 40. Nd1 Kf6 41. Nb2 Ke5 1/2-1/2

[Event "HUN-chT2 Charousek 0607"]
[Site "Hungary"]
[Date "2007.03.25"]
[Round "7"]
[White "Jachym, Dorina"]
[Black "Vince, Viola"]
[Result "1-0"]
[WhiteElo "2020"]
[BlackElo "1859"]
[PlyCount "71"]
[EventDate "2006.11.12"]
[EventType "team"]
[EventRounds "11"]
[EventCountry "HUN"]
[SourceTitle "EXT 2008"]
[Source "ChessBase"]
[SourceDate "2007.11.25"]
[SourceVersion "1"]
[SourceVersionDate "2007.11.25"]
[SourceQuality "1"]
[WhiteTeam "Tapolca"]
[BlackTeam "Decs"]
[WhiteTeamCountry "HUN"]
[BlackTeamCountry "HUN"]

1. e4 c5 2. Nf3 e6 3. c4 Nc6 4. Nc3 Nf6 5. h3 d5 6. exd5 exd5 7. d4 cxd4 8. Nxd4 Bb4 9. Qe2+ Kf8 10. Nxc6 bxc6 11. Bg5 Ba6 12. Qf3 Qe8+ 13. Kd1 dxc4 14. Bxf6 gxf6 15. Qxf6 Rd8+ 16. Kc2 Rg8 17. Qh6+ Rg7 18. Qf4 Bd6 19. Qd4 Bb4 20. Qxa7 Bxc3 21. Qc5+ Kg8 22. Kxc3 Rd5 23. Qe3 Re5 24. Qd2 Rd5 25. Qf4 c5 26. Qe3 Qb8 27. Kc2 Bb5 28. Re1 Ba4+ 29. Kc1 Rg6 30. Bxc4 Rd4 31. b3 Bc6 32. f3 Qa8 33. Rhg1 Qa3+ 34. Kb1 Qb4 35. Qe2 Rd2 36. Qe7 1-0

[Event "HUN-chT2 Charousek 0607"]
[Site "Hungary"]
[Date "2007.03.04"]
[Round "6"]
[White "Misetane Burjan, Anita"]
[Black "Jachym, Dorina"]
[Result "1/2-1/2"]
[WhiteElo "2012"]
[BlackElo "2017"]
[PlyCount "33"]
[EventDate "2006.11.12"]
[EventType "team"]
[EventRounds "11"]
[EventCountry "HUN"]
[SourceTitle "EXT 2008"]
[Source "ChessBase"]
[SourceDate "2007.11.25"]
[SourceVersion "1"]
[SourceVersionDate "2007.11.25"]
[SourceQuality "1"]
[WhiteTeam "Szenna Pack"]
[BlackTeam "Tapolca"]
[WhiteTeamCountry "HUN"]
[BlackTeamCountry "HUN"]

1. e4 c5 2. c3 d5 3. exd5 Qxd5 4. d4 e6 5. Nf3 Nc6 6. Be3 cxd4 7. cxd4 Nf6 8. Nc3 Qd8 9. a3 Be7 10. Bd3 0-0 11. h3 b6 12. 0-0 Bb7 13. Qe2 Nd5 14. Bc1 Bf6 15. Rd1 g6 16. Nxd5 exd5 17. Be3 1/2-1/2

[Event "HUN-chT2 Charousek 0506"]
[Site "Hungary"]
[Date "2006.03.19"]
[Round "9"]
[White "Jachym, Dorina"]
[Black "Tusak, Jozsef"]
[Result "1-0"]
[WhiteElo "2037"]
[BlackElo "1764"]
[PlyCount "103"]
[EventDate "2005.10.16"]
[EventType "team"]
[EventRounds "11"]
[EventCountry "HUN"]
[SourceTitle "EXT 2009"]
[Source "ChessBase"]
[SourceDate "2008.11.26"]
[SourceVersion "1"]
[SourceVersionDate "2008.11.26"]
[SourceQuality "1"]
[WhiteTeam "Tapolca"]
[BlackTeam "Szentendre"]
[WhiteTeamCountry "HUN"]
[BlackTeamCountry "HUN"]

1. e4 d5 2. exd5 Qxd5 3. Nc3 Qa5 4. d4 Nf6 5. Nf3 Bg4 6. h3 Bxf3 7. Qxf3 Nc6 8. Bb5 Qb6 9. d5 0-0-0 10. dxc6 bxc6 11. Qxc6 Qxc6 12. Bxc6 a6 13. 0-0 Rd6 14. Bf3 e6 15. Bf4 Rb6 16. Rab1 Bd6 17. Bxd6 cxd6 18. b4 Kc7 19. Rb2 Rhb8 20. Rfb1 a5 21. a3 d5 22. Na4 Rb5 23. Be2 R5b7 24. Nc5 Ne4 25. Nxb7 Rxb7 26. bxa5 Ra7 27. a6 Nc5 28. Rb8 g6 29. Rh8 h5 30. Rbb8 Nxa6 31. Bxa6 Rxa6 32. Ra8 Rb6 33. a4 Kd6 34. a5 Rb2 35. a6 Rxc2 36. a7 Ke5 37. Rac8 Ra2 38. a8Q Rxa8 39. Rxa8 Kf4 40. Ra4+ Kg5 41. h4+ Kf5 42. f3 e5 43. g4+ hxg4 44. fxg4+ Kf6 45. Ra5 d4 46. Re8 g5 47. hxg5+ Kxg5 48. Rexe5+ Kxg4 49. Re4+ Kf3 50. Rxd4 f5 51. Ra3+ Ke2 52. Rb4 1-0

[Event "HUN-chT2 Charousek 0506"]
[Site "Hungary"]
[Date "2006.01.22"]
[Round "6"]
[White "Jachym, Dorina"]
[Black "Suszter, Zoltan"]
[Result "0-1"]
[WhiteElo "2037"]
[BlackElo "1899"]
[PlyCount "128"]
[EventDate "2005.10.16"]
[EventType "team"]
[EventRounds "11"]
[EventCountry "HUN"]
[SourceTitle "EXT 2009"]
[Source "ChessBase"]
[SourceDate "2008.11.26"]
[SourceVersion "1"]
[SourceVersionDate "2008.11.26"]
[SourceQuality "1"]
[WhiteTeam "Tapolca"]
[BlackTeam "Keszthely"]
[WhiteTeamCountry "HUN"]
[BlackTeamCountry "HUN"]

1. e4 b6 2. d4 Bb7 3. Nc3 g6 4. Nf3 Bg7 5. Be3 d6 6. Qd2 Nd7 7. h3 a6 8. Bd3 e6 9. 0-0 f6 10. Rad1 Qe7 11. Rfe1 Qf7 12. a4 h5 13. h4 Nh6 14. Bc4 Ng4 15. Bf4 0-0-0 16. Qe2 Nb8 17. Ra1 Rhe8 18. Bb3 Re7 19. Red1 Rg8 20. Qd2 Rd8 21. Ne1 f5 22. Bg5 Nf6 23. exf5 gxf5 24. Nd3 Rh8 25. f3 Ree8 26. Re1 Nfd7 27. Nf4 d5 28. Qe3 Nc6 29. Nfe2 Rhg8 30. f4 Bf6 31. Qf2 Qg7 32. Rad1 Nf8 33. Nb1 Nh7 34. c3 Nd8 35. Rd2 Nf7 36. Ng3 Qg6 37. Qf3 Nhxg5 38. hxg5 h4 39. Nh1 Bd8 40. Rde2 Nd6 41. Nd2 Ne4 42. Nxe4 fxe4 43. Qg4 Rh8 44. Nf2 Kb8 45. Nd1 Bc8 46. Ne3 c6 47. Rf2 e5 48. f5 Qxg5 49. Qxg5 Bxg5 50. Nc2 Bf4 51. Ref1 Reg8 52. dxe5 Bxe5 53. Ne3 Bd6 54. Re2 Bc5 55. Bc2 b5 56. b4 Bb6 57. a5 Ba7 58. Kh2 Kb7 59. Bb3 Bb8+ 60. Kg1 h3 61. g4 Ba7 62. Rf4 Rh4 63. Kh2 Bb8 64. Ref2 Rhxg4 0-1

[Event "HUN-chT2 Szechenyi 0506"]
[Site "Hungary"]
[Date "2005.11.13"]
[Round "3"]
[White "Jachym, Dorina"]
[Black "Soponyai, Andras"]
[Result "1/2-1/2"]
[WhiteElo "2041"]
[BlackElo "2118"]
[PlyCount "41"]
[EventDate "2005.10.16"]
[EventType "team"]
[EventRounds "11"]
[EventCountry "HUN"]
[SourceTitle "EXT 2009"]
[Source "ChessBase"]
[SourceDate "2008.11.26"]
[SourceVersion "1"]
[SourceVersionDate "2008.11.26"]
[SourceQuality "1"]
[WhiteTeam "Tapolca Varju"]
[BlackTeam "HVSE Infraplan II"]
[WhiteTeamCountry "HUN"]
[BlackTeamCountry "HUN"]

1. e4 e6 2. d4 d5 3. Nd2 dxe4 4. Nxe4 Nd7 5. Nf3 Ngf6 6. Bd3 Be7 7. 0-0 0-0 8. c3 b6 9. Qe2 Bb7 10. h3 h6 11. Bf4 c5 12. Bh2 cxd4 13. Nxd4 Nc5 14. Nxc5 Bxc5 15. Nf3 Qd5 16. Rfd1 Qh5 17. Ne5 Qxe2 18. Bxe2 Rfd8 19. Nd3 Bd6 20. Ne5 Bc5 21. Nd3 1/2-1/2

[Event "HUN-chT2 Charousek 0506"]
[Site "Hungary"]
[Date "2005.10.30"]
[Round "2"]
[White "Papp, Judit"]
[Black "Jachym, Dorina"]
[Result "1-0"]
[WhiteElo "2129"]
[BlackElo "2037"]
[PlyCount "49"]
[EventDate "2005.10.16"]
[EventType "team"]
[EventRounds "11"]
[EventCountry "HUN"]
[SourceTitle "EXT 2009"]
[Source "ChessBase"]
[SourceDate "2008.11.26"]
[SourceVersion "1"]
[SourceVersionDate "2008.11.26"]
[SourceQuality "1"]
[WhiteTeam "Paks II"]
[BlackTeam "Tapolca"]
[WhiteTeamCountry "HUN"]
[BlackTeamCountry "HUN"]

1. e4 c5 2. Nf3 e6 3. d4 cxd4 4. Nxd4 Nf6 5. Bd3 d6 6. Nc3 a6 7. f4 Qc7 8. Qf3 Nc6 9. Be3 Be7 10. Nb3 0-0 11. g4 Nd7 12. 0-0-0 Nb4 13. Kb1 Nc5 14. Nxc5 dxc5 15. g5 Bd7 16. Rhf1 Nxd3 17. cxd3 Bc6 18. Qh5 g6 19. Qh6 e5 20. f5 Rfd8 21. Rf3 Bf8 22. Qh4 h5 23. gxh6 Kh7 24. fxg6+ fxg6 25. Rdf1 1-0

[Event "HUN-chT2 Charousek 0506"]
[Site "Hungary"]
[Date "2005.10.16"]
[Round "1"]
[White "Jachym, Dorina"]
[Black "Antal, Agnes"]
[Result "0-1"]
[WhiteElo "2037"]
[BlackElo "2086"]
[PlyCount "48"]
[EventDate "2005.10.16"]
[EventType "team"]
[EventRounds "11"]
[EventCountry "HUN"]
[SourceTitle "EXT 2009"]
[Source "ChessBase"]
[SourceDate "2008.11.26"]
[SourceVersion "1"]
[SourceVersionDate "2008.11.26"]
[SourceQuality "1"]
[WhiteTeam "Tapolca"]
[BlackTeam "BEAC"]
[WhiteTeamCountry "HUN"]
[BlackTeamCountry "HUN"]

1. e4 e6 2. d4 d5 3. Nd2 dxe4 4. Nxe4 Nd7 5. Nf3 Ngf6 6. Bd3 Be7 7. Qe2 0-0 8. 0-0 b6 9. Nxf6+ Nxf6 10. Ba6 c5 11. Rd1 Qc7 12. c3 Bxa6 13. Qxa6 Rfd8 14. Bg5 cxd4 15. cxd4 Rd5 16. Rac1 Qd8 17. Qc4 Bd6 18. Rc2 h6 19. Bxf6 Qxf6 20. Re1 Rd8 21. Re4 g5 22. Qe2 Qg6 23. Nd2 Rxd4 24. Rxd4 Qxc2 0-1

[Event "HUN-chT U20"]
[Site "Budapest"]
[Date "2004.12.30"]
[Round "7"]
[White "Jachym, Dorina"]
[Black "Toth, Lili"]
[Result "1/2-1/2"]
[WhiteElo "2083"]
[BlackElo "2208"]
[PlyCount "96"]
[EventDate "2004.12.27"]
[EventType "team"]
[EventRounds "7"]
[EventCountry "HUN"]
[SourceTitle "EXT 2008"]
[Source "ChessBase"]
[SourceDate "2007.11.25"]
[SourceVersion "1"]
[SourceVersionDate "2007.11.25"]
[SourceQuality "1"]

1. e4 e6 2. d4 d5 3. Nd2 Nf6 4. e5 Nfd7 5. Bd3 c5 6. c3 Nc6 7. Ne2 cxd4 8. cxd4 Qb6 9. Nf3 f6 10. exf6 Nxf6 11. 0-0 Bd6 12. Re1 0-0 13. Nc3 a6 14. a3 Qc7 15. Bb1 g6 16. Bh6 Re8 17. Bg5 Rf8 18. h3 Bf4 19. Bxf4 Qxf4 20. Na4 Ne4 21. Nb6 Rb8 22. Qe2 Qd6 23. Nxc8 Rbxc8 24. Bxe4 dxe4 25. Qxe4 Rce8 26. Rad1 Re7 27. Ne5 Nxe5 28. Qxe5 Qxe5 29. Rxe5 Rf5 30. Rde1 Kf7 31. g3 Rxe5 32. dxe5 g5 33. g4 Rc7 34. Re2 Rc4 35. Kg2 Ke7 36. f3 Kd7 37. Kg3 Rd4 38. h4 h6 39. h5 Kc6 40. Rc2+ Kd5 41. Rc7 b5 42. Rh7 Kxe5 43. Rxh6 Rd2 44. Rg6 Rxb2 45. h6 Rb1 46. Kg2 Rb2+ 47. Kg3 Rb1 48. Kg2 Rb2+ 1/2-1/2

[Event "HUN-chT U20"]
[Site "Budapest"]
[Date "2004.12.28"]
[Round "3"]
[White "Jachym, Dorina"]
[Black "Bali, Eszter"]
[Result "1-0"]
[WhiteElo "2083"]
[BlackElo "1893"]
[PlyCount "95"]
[EventDate "2004.12.27"]
[EventType "team"]
[EventRounds "7"]
[EventCountry "HUN"]
[SourceTitle "EXT 2008"]
[Source "ChessBase"]
[SourceDate "2007.11.25"]
[SourceVersion "1"]
[SourceVersionDate "2007.11.25"]
[SourceQuality "1"]

1. e4 e6 2. d4 d5 3. Nd2 Be7 4. Bd3 c5 5. c3 Nc6 6. Ne2 cxd4 7. cxd4 dxe4 8. Nxe4 Nf6 9. 0-0 0-0 10. Be3 a6 11. h3 b5 12. Nxf6+ Bxf6 13. Qc2 Nxd4 14. Nxd4 Bxd4 15. Bxh7+ Kh8 16. Qe4 Bb7 17. Qxb7 Bxe3 18. fxe3 Kxh7 19. Rxf7 Rxf7 20. Qxf7 Qb6 21. Qf3 Rd8 22. Rc1 Rd5 23. Kh1 a5 24. Rc8 Qd6 25. Qe4+ g6 26. Rc1 Rd2 27. Rf1 Kg7 28. Qb7+ Qd7 29. Qf3 Qd6 30. e4 e5 31. Qb3 Qd7 32. Qc3 Rd4 33. Qxa5 Rxe4 34. Qa8 Rf4 35. Rxf4 exf4 36. b3 Qd1+ 37. Kh2 Qe2 38. a4 Qe1 39. Qf3 bxa4 40. bxa4 Qb4 41. Qa8 Kf6 42. a5 Qe1 43. Qa6+ Kg5 44. Qb5+ Kh6 45. a6 Qg3+ 46. Kg1 Qe1+ 47. Qf1 Qe3+ 48. Kh1 1-0

[Event "HUN-chT U20"]
[Site "Budapest"]
[Date "2004.12.27"]
[Round "1"]
[White "Molnar, Gabor"]
[Black "Jachym, Dorina"]
[Result "0-1"]
[WhiteElo "1559"]
[BlackElo "2083"]
[PlyCount "62"]
[EventDate "2004.12.27"]
[EventType "team"]
[EventRounds "7"]
[EventCountry "HUN"]
[SourceTitle "EXT 2008"]
[Source "ChessBase"]
[SourceDate "2007.11.25"]
[SourceVersion "1"]
[SourceVersionDate "2007.11.25"]
[SourceQuality "1"]

1. e4 c5 2. Nf3 e6 3. d4 cxd4 4. Nxd4 Nf6 5. Nc3 d6 6. f4 a6 7. Be2 Qc7 8. 0-0 Nc6 9. Nb3 Be7 10. Be3 0-0 11. g4 h6 12. h4 Nd7 13. f5 Bxh4 14. fxe6 fxe6 15. Qd2 Nf6 16. Rf3 Ne5 17. Rh3 g5 18. Rxh4 gxh4 19. Bxh6 Rf7 20. Rf1 Kh8 21. Qg5 Nh7 22. Rxf7 Qxf7 23. Qd8+ Qg8 24. Qxd6 Nxg4 25. Qd4+ e5 26. Bc4 exd4 27. Bxg8 dxc3 28. Bxh7 Nxh6 29. Bg6 cxb2 30. Nd2 Be6 31. Nb1 Rg8 0-1